00714 2200253 4500001002100000005001500021035002000036007000300056008004100059020002200100082001200122084001800134100003100152245005400183250001000237300002100247650003200268700003300300264004100333336002100374337003000395338002300425990001200448INLIS00000000000016720230728084310 a0010-0723000143ta230728 0  a978-602-383-020-6 a297.273 a297.273 MOH i0 aMohammed EmarahePengarang1 aIslam Dalam Pandangan Marxisme /cMohammed Emarah acet 1 a178 hlm ;c19 cm 4aKomunisme dan Agama - Islam0 aEka Putra WirmanePenerjemah aJakarta :bPrenadamedia Group,c2018 2rdacontentateks 2rdamediaatanpa perantara 2rdacarrieravolume a23.0043